Diferenciální počet 1

Salvato in:
Dettagli Bibliografici
Autore principale: Jarník, Vojtěch
Natura: Libro
Lingua:ceco
Pubblicazione: Praha Academia 1984
Edizione:7. nezměn. vyd.
Tags: Aggiungi Tag
Nessun Tag, puoi essere il primo ad aggiungerne!!

MARC

LEADER 00000nam a2200000 4500
001 c111074
005 20041019155148.7
041 0 |a cze 
044 |a CZ 
245 1 0 |a Diferenciální počet 1  |c Vojtěch Jarník 
250 |a 7. nezměn. vyd. 
264 1 |a Praha  |b Academia  |c 1984 
300 |a 391 s. 
100 1 |a Jarník, Vojtěch